Die inschrift von Rosette : nach ihrem ägyptisch-demotischen texte sprachlich und sachlich erklärt. Theil I, Sammlung demotischer urkunden mit gleichlautenden hieroglyphischen Texten als nächste Grundlage zur Entzifferung der Inschrift von Rosette, gröfstentheils zum ersten Male veröffenlicht /

محفوظ في:

المؤلف الرئيسي: Brugsch, Heinrich, 1827-1894 (مؤلف)

التنسيق: كتاب

اللغة: German
English

الموضوعات:

الوسوم: إضافة وسم

لا توجد وسوم, كن أول من يضع وسما على هذه التسجيلة!

رقم الطلب: ( R )PJ1531 .R3 1850

LEADER 01412namaa2200313 4500
001 18433
003 OSt
005 20210215065757.0
008 130303s1850 gw ah g 000 0 ger d
952 |0 0  |1 0  |2 lcc  |4 0  |7 1  |9 10408  |a ARCE  |b ARCE  |d 2021-02-15  |l 0  |o ( R )PJ1531 .R3 1850  |p 1034988  |r 2021-02-15 00:00:00  |w 2021-02-15  |y BK 
999 |c 18891  |d 18891 
040 |c ARCE Library 
041 1 |a ger  |h eng 
043 |a f-ua--- 
050 0 4 |a ( R )PJ1531 .R3 1850 
100 1 |a Brugsch, Heinrich,  |d 1827-1894,  |e author 
240 1 0 |a Rosetta Stone inscription.  |l German 
245 1 4 |a Die inschrift von Rosette :  |b nach ihrem ägyptisch-demotischen texte sprachlich und sachlich erklärt.  |n Theil I, Sammlung demotischer urkunden mit gleichlautenden hieroglyphischen Texten als nächste Grundlage zur Entzifferung der Inschrift von Rosette, gröfstentheils zum ersten Male veröffenlicht /  |c Heinrich Brugsch. 
264 1 |a Berlin :  |b Rudloph Gaertner ;  |a London :  |b Williams and Norgate,  |c 1850. 
300 |a 42 pages,10 pages :  |b illustrations, facsimiles (some folded) ;  |c 35 cm. 
336 |a text  |b txt  |2 rdacontent 
337 |a unmediated  |b n  |2 rdamedia 
338 |a volume  |b nc  |2 rdacarrier 
500 |a Includes plates of hieroglyphic text. 
500 |a Translation of : Rosetta Stone inscription. 
650 0 |a Rosetta stone  |z Egypt. 
650 0 |a Egyptian language  |x Writing, Hieroglyphic. 
901 |a reviewed 
942 |c BK  |2 lcc